000 00741nam a2200229Ia 4500
003 GCL
008 140319s9999 xx 000 0 ara d
040 _aGCL /
_cGCL
082 0 4 _a214.6
_bخ و
100 1 _aخالد منتصر
245 1 0 _aوهم الاعجاز العلمى /
_cخالد منتصر
250 _aالاولى
260 _aالقاهرة :
_bدار العين للنشر ،
_c2005
300 _a286 ص ؛
_c19 سم
650 0 4 _aالثقافة الاسلامية
650 0 4 _aالاسلام والطب
650 0 4 _aالعلمانية
650 0 4 _aالحجامة
650 0 4 _aالاعجاز العلمى للقران - نقد
650 0 4 _aزرع الاعضاء - نظرة الاسلام
942 _2ddc
_cBK
999 _c9764
_d9764